| 000 | 00664cam a2200229 a 4500 | ||
|---|---|---|---|
| 001 | 4485655 | ||
| 005 | 20240130004203.0 | ||
| 008 | 960516s1995 ce b b 001 0 eng | ||
| 020 | _a9559098209 | ||
| 040 |
_aDLC _cDLC _dDLC |
||
| 082 |
_222 _a305.8 _bANA. |
||
| 100 | 1 | _aWickremeratne, Ananda. | |
| 245 | 1 | 4 |
_aThe roots of nationalism : _bSri Lanka / _cAnanda Wickremeratne. |
| 260 |
_aColombo : _bKarunaratne & Sons Ltd., _c1995. |
||
| 300 | _axvii, 313 p. : | ||
| 500 | _a"Theology Department, Loyola University, Chicago, USA." | ||
| 650 | 0 | _aNationalism | |
| 650 | 0 | _aNationalism and education | |
| 650 | 0 | _aNationalism | |
| 650 | 0 | _aEducation | |
| 942 | _cL | ||
| 999 |
_c220 _d220 |
||